Score 0/20 Timer 05:00
17 Plays Today
% Correct
An APPLE a day
keeps the doctor away
95.8%
You can't JUDGE a
book by its cover.
95.2%
Don't count your
CHICKENS before
they hatch.
95.1%
Birds of a FEATHER
flock together.
94.1%
The PEN is mightier
than the sword
93.9%
The straw that broke
the CAMEL's back
93.3%
A PICTURE is worth
a thousand words.
92.4%
If you can't take the
HEAT, get out of
the kitchen.
91.4%
DOCTORS make the
worst patients.
88.6%
No man is an ISLAND.
88.1%
% Correct
A bird in the hand is
worth two in the BUSH.
87.2%
Keep your nose to
the GRINDSTONE.
85.7%
Those who live in glass
houses shouldn't throw
STONES.
85%
It's all GREEK to me.
83.4%
The squeaky wheel
gets the GREASE.
82.4%
HOPE for the best,
but prepare for
the worst.
82.3%
A chain is only as strong
as its weakest LINK.
80.7%
Don't have too many
IRONS in the fire.
80%
Two HEADS are
better than one.
78.4%
When in Rome, do
as the ROMANS do.
74.9%
Remove Ads.
Support Sporcle.
Get the best of Sporcle when you Go Orange. This ad-free experience offers more features, more stats, and more fun while also helping to support Sporcle. Thank you for becoming a member.

You're not logged in!

Compare scores with friends on all Sporcle quizzes.
OR
Log In

Show Comments

Extras

Top Quizzes Today


Score Distribution

Your Account Isn't Verified!

In order to create a playlist on Sporcle, you need to verify the email address you used during registration. Go to your Sporcle Settings to finish the process.

Report this User

Report this user for behavior that violates our Community Guidelines.

Details: